La estructura de la magia : cambio y congruencia /

Obra en que se ofrece un marco para comprender la comunicación y representación no verbal, y la forma en que se construye la experiencia humana, base para lo que sería conocido después como Programación Neurolingüística. Se enfatiza en aspectos de psicoterapia.

Salvato in:
Dettagli Bibliografici
Autore principale: Bandler, Richard (autor)
Altri autori: Grinder, John (autor) (autor)
Natura: Libro
Lingua:spagnolo
Pubblicazione: Santiago, Chile : Cuatro Vientos, 1999, c1994
Edizione:5a edición
Soggetti:
Tags: Aggiungi Tag
Nessun Tag, puoi essere il primo ad aggiungerne!!

MARC

LEADER 00000nam^a2200000^a^4500
001 000311109
005 20250521000000.0
009 20260310113034.758
020 |a 956-242-018-3 
037 |a Acervo Xavier Clavigero 
041 |a ESP 
082 |a 616. 8914  |b BAN V. 2 
100 |a Bandler, Richard  |e (autor) 
240 1 4 |a [La estructura de la magia: cambio y congruencia] 
240 1 4 |a [La estructura de la magia] 
245 1 3 |a La estructura de la magia :  |b cambio y congruencia /  |c R. Bandler, J. Grinder ; pról. de Carlos González M. ; tr. por Elena Olivos, María E. Viveros. 
250 |a 5a edición 
264 4 |a Santiago, Chile :  |b Cuatro Vientos,  |c 1999, c1994 
300 |a 232 p. 
336 |a texto  |b txt  |2 rdacontenido 
337 |a sin mediación  |b n  |2 rdamedio 
338 |a volumen  |b nc  |2 rdasoporte 
500 |a Traducción de: The Structure of Magic: A Book about Communication and Change 
520 |a Obra en que se ofrece un marco para comprender la comunicación y representación no verbal, y la forma en que se construye la experiencia humana, base para lo que sería conocido después como Programación Neurolingüística. Se enfatiza en aspectos de psicoterapia. 
649 |a XX 
650 |a Programación Neurolingüística -  |x Tema Principal 
650 |a Relación Terapéutica 
650 |a Interacción Comunicativa 
650 |a Comunicación No Verbal 
650 |a Psicolingüística 
650 |a Psicoterapia 
650 |a Psicología Clínica 
700 |a Grinder, John  |e (autor) 
910 |a Fondo General 
920 |a Impresos - Libros 
930 |a Colección General 
905 |a 101 
901 |a 071522  |b IT1  |c ACC  |u 20250521 
902 |a https://opac.biblio.iteso.mx/vufind/Record/000311109